000
00335nam a2200133Ia 4500
008
231129s1976||||xx |||||||||||||| ||spa||
020
_a
84-02-04842-0
082
_a
HAJ- 0289
100
_a
Koning Frederik
245
0
_a
Eros
260
_c
1976
264
_a
EspaƱa: Bruguera
942
_2
ddc
_c
BKS
999
_c
13284
_d
13284